| Tag |
First Indicator |
Second Indicator |
Subfields |
| LEADER |
00000cam a2200000Ka 4500 |
| 001 |
in00002201623 |
| 006 |
m d f |
| 008 |
060821s2005 dcu s f000 0 eng d |
| 005 |
20230331150119.7 |
| 035 |
|
|
|a (OCoLC)ocm71004381
|
| 035 |
|
|
|a in00002201623
|
| 040 |
|
|
|a GPO
|c GPO
|d MvI
|d UtOrBLW
|
| 049 |
|
|
|a WWW
|
| 074 |
|
|
|a 0132-B-55 (online)
|
| 086 |
0 |
|
|a C 3.256/7-2:EC 02-42 A-CO
|
| 130 |
0 |
|
|a Economic census (2002).
|p Wholesale trade.
|p Geographic area series.
|
| 245 |
1 |
0 |
|a Colorado, 2002 :
|b 2002 economic census, wholesale trade, geographic area series.
|
| 246 |
3 |
0 |
|a 2002 economic census, wholesale trade, geographic area series
|
| 264 |
|
1 |
|a [Washington, D.C.] :
|b U.S. Dept. of Commerce, Economics and Statistics Administration, U.S. Census Bureau,
|c [2005]
|
| 300 |
|
|
|a 1 volume (various pagings) :
|b digital, PDF file.
|
| 336 |
|
|
|a text
|b txt
|2 rdacontent
|
| 337 |
|
|
|a computer
|b c
|2 rdamedia
|
| 338 |
|
|
|a unspecified
|b zu
|2 rdacarrier
|
| 500 |
|
|
|a "EC02-42A-CO."
|
| 500 |
|
|
|a "Issued February 2005."
|
| 500 |
|
|
|a Title from title screen (viewed on Aug. 21, 2006).
|
| 538 |
|
|
|a Mode of access: Internet from the Census Bureau web site. Address as of 8/21/06: http://www.census.gov/prod/ec02/ec0242aco.pdf; current access available via PURL.
|
| 500 |
|
|
|a Electronic resource.
|
| 650 |
|
0 |
|a Wholesale trade
|z Colorado
|v Statistics.
|
| 710 |
2 |
|
|a U.S. Census Bureau.
|
| 856 |
4 |
0 |
|u https://purl.fdlp.gov/GPO/LPS73354
|t 0
|
| 999 |
|
|
|a MARS
|
| 999 |
f |
f |
|i 3ef06c58-0722-3f1d-aa6c-4d0d4801da35
|s 7d7ae26d-0a5b-31fc-bded-496940235785
|t 0
|
| 952 |
f |
f |
|a Texas A&M University
|b College Station
|c Electronic Resources
|d Available Online
|t 0
|e C 3.256/7-2:EC 02-42 A-CO
|h Superintendent of Documents classification
|
| 998 |
f |
f |
|a C 3.256/7-2:EC 02-42 A-CO
|t 0
|l Available Online
|